Manual de Tee - ball / Federació Catalana de Beisbol i Softbol
Descripción Física:
27 p. : il. ; 21 cm
Materias:
Tee - ball -- Regles
MARC
| LEADER | 00000nam a2200000Ia 4500 | ||
|---|---|---|---|
| 001 | 19272 | ||
| 003 | BGR | ||
| 005 | 20260324180004.0 | ||
| 008 | 160829s9999 xx 000 0 cat d | ||
| 080 | |a FU-3-27 | ||
| 110 | 2 | |a Federació Catalana de Beisbol i Softbol |9 70939 | |
| 245 | |a Manual de Tee - ball / Federació Catalana de Beisbol i Softbol | ||
| 260 | |a Barcelona : |b la Federació : |b Diputació de Barcelona, [s.a.] | ||
| 300 | |a 27 p. : |b il. ; |c 21 cm | ||
| 590 | |a Inclou el tríptic 'Beisbol i Softbol : prova-ho, t'agradarà' | ||
| 650 | |a Tee - ball |x Regles |9 43244 | ||
| 710 | 1 | |a Barcelona (Catalunya : Província). |b Diputació |9 52408 | |
| 901 | |a Arxiu | ||
| 942 | |n 1 |2 udc |c MON | ||
| 952 | |0 0 |1 0 |4 0 |6 FU327 |7 1 |9 51298 |a Arxiu |b Arxiu |d 2016-12-01 |l 0 |o FU-3-27 |p 19272 |r 2016-12-01 00:00:00 |w 2016-12-01 |y ARXIU | ||
| 999 | |c 55142 |d 55142 | ||